"Ako ďalej v obhospodarovaní lesov so zdravotno-rekreačnou a liečebno-preventívnou funkciou" celoslovenská konferencia, Trenčín, 30.9.-1.10.1997. Zborník

Bibliographic Details
Other Authors: Vanyová, Jaroslava (Compiler)
Format: Book
Language:Slovak
PhysicalDescription:129 s. sch., tab. 21 cm
Published: Trenčín Mesto Trenčín [1997]
Subjects:

MARC

LEADER 00000cam a2200000 a 4500
001 vtls001336655
003 SK-MaSNL
005 20260301060407.0
008 220720s1997 xo a fr 10000 slo
015 |a SNBA1998/12-04312 
035 |a SNK000289643 
035 |a urn:nbn:sk:snk-amjtft 
035 |a urn:nbn:sk:snk:ar-a0ctzt 
035 |a 42bbeb63-e721-49de-acf5-207a3d989d10 
040 |a SNK  |b slo  |c SNK  |e AACR2 
041 0 |a slo 
044 |a xo  |c SK 
080 |a 630*2+712.25(082)\  |2 1981 
080 |a 712.25(082)\  |2 1981 
245 0 0 |a "Ako ďalej v obhospodarovaní lesov so zdravotno-rekreačnou a liečebno-preventívnou funkciou"  |b celoslovenská konferencia, Trenčín, 30.9.-1.10.1997. Zborník  |c [autori: kol. autorov ; zostavila: Jaroslava Vanyová] 
260 |a Trenčín  |b Mesto Trenčín  |c [1997] 
300 |a 129 s.  |b sch., tab.  |c 21 cm 
500 |a 200 výt. 
504 |a Bibliogr. s. 126 
650 0 7 |a lesy  |x funkcia zdravotno-rekreačná  |x zborníky  |2 SNK  |9 371556 
655 7 |a zborníky konferencií  |2 SNKPH  |9 70153 
655 7 |a issue_zb  |2 SNK  |9 276493 
700 1 |a Vanyová, Jaroslava  |4 com  |9 14507 
954 |a odborná, vedecká literatúra pôvodná (slovenská)  |2 lita 
958 |a OND 
958 |a ART 
958 |a TL 
958 |a NB 
999 |c 615513  |d 617443 
952 |t P60, <03>, [BOOK], {603}  |a SNK  |b SNK  |y PREZ  |7 0  |p 17A0147691  |o snkSC 96302  |i snkKSP 7176/98  |0 0  |1 0  |4 0  |d 1998-07-10  |l 0  |r 2025-09-16 00:00:00  |w 2026-02-23 
952 |t P60, <04>, [BOOK], {604}  |a SNK  |b SNK  |y VYP  |7 0  |p 17A0147690  |o snkSC 96302 D1  |i snkKSP 7177/98  |0 0  |1 0  |4 0  |d 1998-07-10  |l 0  |r 2005-01-02 00:00:00  |w 2026-02-23